Obálka Náhled e-knihy:
PDF Epub
Pro půjčování e-knih musíte být přihlášeni.
Jak si půjčit online?

The Human Future of Business /

The Human Future of Business explores one of the most important questions of the 21st century: What will organizations look like when people become their greatest strategic advantage? In a world shaped by artificial intelligence, digital transformation, and global competition, busi...

Celý popis

Uloženo v:
Hlavní autor: Hrejsemnou, Pavel (Autor)
Médium: E-kniha
Jazyk:Czech
Vydáno: Praha : IDEAIFY s.r.o., 2026
Tagy:
Žádné tagy
LEADER 02988nam a22002297i 4500
001 297541
007 ta
008 260410s2026 xr ||||| |||| 00| 0 cze d
020 |a 9990004261488 
044 |a xr 
100 1 |a  Hrejsemnou, Pavel  |4 aut 
245 1 0 |a The Human Future of Business /  |c  Hrejsemnou, Pavel 
264 1 |a Praha :  |b IDEAIFY s.r.o.,  |c 2026 
300 |a 1 online zdroj (971 stran) 
336 |a text  |b txt  |2 rdacontent 
337 |a bez média  |b n  |2 rdamedia 
338 |a online zdroj  |b cr  |2 rdacarrier 
520 2 |a The Human Future of Business explores one of the most important questions of the 21st century: What will organizations look like when people become their greatest strategic advantage? In a world shaped by artificial intelligence, digital transformation, and global competition, businesses are being forced to rethink the foundations of leadership, talent management, and organizational culture. Traditional hierarchies are dissolving, new forms of collaboration are emerging, and employees increasingly seek purpose, autonomy, and meaningful work. This book offers a comprehensive exploration of how modern organizations can adapt to these profound changes. Across nearly one thousand pages, it examines the transformation of leadership, the evolution of human resources into a strategic function, and the growing importance of culture, trust, and human creativity in the workplace. The Human Future of Business provides a deep and structured analysis of key themes shaping the organizations of tomorrow: • the rise of human-centered leadership• the transformation of talent management• the strategic role of organizational culture• the future of recruitment and global talent markets• the impact of artificial intelligence on work• leadership development in complex environments• the evolution of HR into a strategic leadership function• the integration of technology and human potential Rather than presenting a rigid management formula, the book invites readers to rethink the relationship between people, leadership, and organizational performance. It demonstrates that the most successful organizations of the future will not be those that rely solely on technology or scale, but those that unlock the full potential of human creativity, collaboration, and purpose. Written for leaders, entrepreneurs, HR professionals, and anyone interested in the future of work, The Human Future of Business offers both a strategic perspective and a human vision of organizations in the twenty-first century. 
910 |a RBIT002 
998 |d 426148  |a https://core.palmknihy.cz/api/books/426148/cover?td8drb  |b https://core.palmknihy.cz/api/books/426148/cover/400?td8drb  |c https://core.palmknihy.cz/api/books/426148/cover/50?td8drb  |e   |g 971  |i 9990004261488  |j https://core.palmknihy.cz/api/books/426148/preview.epub  |k https://core.palmknihy.cz/api/books/426148/preview.pdf  |l   |q 49  |r 1  |s https://www.palmknihy.cz/kniha/426148  |t ebook  |y 2026  |z 1 
999 |d 297539